Minimalismo : Una reflexión histórica. Minimalista: Modo diseño y muebles, arquitectura interior
| Main Author: | |
|---|---|
| Format: | Section = Libro |
| Language: | Undetermined Spanish |
| Published: |
China
ULLMAN & KONEMANN
2003
|
| Subjects: |
| LEADER | 00645nam a2200217Ia 4500 | ||
|---|---|---|---|
| 008 | 240829s9999 xx 000 0 und d | ||
| 020 | |a 978-3-8331-2574 | ||
| 040 | |a BIBLIOTECA-RUSB/ Ref 709.04 T253 | ||
| 041 | |a spa | ||
| 082 | |a Ref 709.04 T253 | ||
| 100 | 1 | |a Team, Arco | |
| 245 | 1 | 0 | |a Minimalismo : Una reflexión histórica. Minimalista: Modo diseño y muebles, arquitectura interior |
| 260 | |a China |b ULLMAN & KONEMANN |c 2003 | ||
| 300 | |a 999 p. :il. | ||
| 650 | 7 | |a ARTE MODERNO- MINIMALISMO | |
| 650 | 7 | |b MODA | |
| 650 | 7 | |c DISEÑO DE MUEBLES | |
| 650 | 7 | |d INTERIORISMO -MINIMALISMO | |
| 942 | |c BK |2 ddc | ||
| 991 | |a TEXTO | ||
| 999 | |c 6389 | ||